Missing Word: 1995 Movies Quiz Stats

 Plays Quiz Updated Sep 27, 2012

Support Sporcle.
Go Orange.
Score 0/20 Timer 04:00
3 Plays Today
Hint Answer % Correct
Toy _____Story
98.9%
Leaving Las _____Vegas
97.3%
Ace _____: When Nature CallsVentura
96.7%
_____ and SensibilitySense
91.7%
_____ 13Apollo
77.5%
While You Were _____Sleeping
76.9%
_____ DreddJudge
74.9%
The _____ of Madison CountyBridges
73.7%
_____ MadisonBilly
73.1%
Die Hard With a _____Vengeance
72.8%
Hint Answer % Correct
_____ to ExhaleWaiting
69.5%
Something to _____ AboutTalk
67.9%
Village of the _____Damned
58.2%
Tommy _____Boy
58.1%
Batman _____Forever
55%
_____ MnemonicJohnny
51.5%
A ____ in the CloudsWalk
36.1%
_____ RecordsEmpire
30.8%
_____ in the ShellGhost
22.3%
_____ in BrooklynVampire
21.9%

Today's Daily Dose

Word Ladder
ING Words

Get the Picture
Nearest Volcano

From the Vault

Number Sequence Nightmare

by citkeane

Science 4m
Thankfully,this is one of the least weird nightmares we've ever had.
Remove Ads.
Support Sporcle.
Get the best of Sporcle when you Go Orange. This ad-free experience offers more features, more stats, and more fun while also helping to support Sporcle. Thank you for becoming a member.

Show Comments

Extras

Top Quizzes Today


Score Distribution

Your Account Isn't Verified!

In order to create a playlist on Sporcle, you need to verify the email address you used during registration. Go to your Sporcle Settings to finish the process.

Report this User

Report this user for behavior that violates our Community Guidelines.

Details: